|
|
|
|
| LEADER |
02013nam a2200457 i 4500 |
| 001 |
EBC1634473 |
| 003 |
MiAaPQ |
| 005 |
20200520144314.0 |
| 006 |
m o d | |
| 007 |
cr cnu|||||||| |
| 008 |
150130t20142014gw a ob 001 0 ger d |
| 020 |
|
|
|z 9783486725056
|
| 020 |
|
|
|a 9783486779929
|q (electronic bk.)
|
| 035 |
|
|
|a (MiAaPQ)EBC1634473
|
| 035 |
|
|
|a (Au-PeEL)EBL1634473
|
| 035 |
|
|
|a (CaPaEBR)ebr11008099
|
| 035 |
|
|
|a (CaONFJC)MIL783758
|
| 035 |
|
|
|a (OCoLC)898769721
|
| 040 |
|
|
|a MiAaPQ
|b eng
|e rda
|e pn
|c MiAaPQ
|d MiAaPQ
|
| 050 |
|
4 |
|a HE151
|b .S38 2014
|
| 082 |
0 |
|
|a 380.5
|2 23
|
| 100 |
1 |
|
|a Schulz, Axel,
|e author.
|
| 245 |
1 |
0 |
|a Grundlagen verkehr im tourismus :
|b fluggesellschaften, kreuzfahrten, bahnen, busse und Mietwagen /
|c Axel Schulz ; Lektorat, Thomas Ammon ; Herstellung, Tina Bonertz.
|
| 250 |
|
|
|a 2., uberarbeitete Auflage.
|
| 264 |
|
1 |
|a Munich, Germany :
|b Oldenbourg Verlag,
|c 2014.
|
| 264 |
|
4 |
|c 2014
|
| 300 |
|
|
|a 1 online resource (148 pages) :
|b illustrations, graphs, tables
|
| 336 |
|
|
|a text
|2 rdacontent
|
| 337 |
|
|
|a computer
|2 rdamedia
|
| 338 |
|
|
|a online resource
|2 rdacarrier
|
| 504 |
|
|
|a Includes bibliographical references and index.
|
| 588 |
|
|
|a Description based on online resource; title from PDF title page (ebrary, viewed January 30, 2015).
|
| 590 |
|
|
|a Electronic reproduction. Ann Arbor, MI : ProQuest, 2015. Available via World Wide Web. Access may be limited to ProQuest affiliated libraries.
|
| 650 |
|
0 |
|a Transportation.
|
| 650 |
|
0 |
|a Tourism.
|
| 655 |
|
4 |
|a Electronic books.
|
| 700 |
1 |
|
|a Ammon, Thomas,
|e editor.
|
| 700 |
1 |
|
|a Bonertz, Tina,
|e contributor.
|
| 776 |
0 |
8 |
|i Print version:
|a Schulz, Axel.
|t Grundlagen verkehr im tourismus : fluggesellschaften, kreuzfahrten, bahnen, busse und Mietwagen.
|b 2., uberarbeitete Auflage.
|d Munich, Germany : Oldenbourg Verlag, c2014
|h viii, 138 pages
|z 9783486725056
|
| 797 |
2 |
|
|a ProQuest (Firm)
|
| 856 |
4 |
0 |
|u https://ebookcentral.proquest.com/lib/matrademy/detail.action?docID=1634473
|z Click to View
|